Dejiny Slovenska 3 Od roku 1848 do konca 19. storočia

Gespeichert in:
Bibliographische Detailangaben
Weitere Verfasser: Podrimavský, Milan
Format: Buch
Sprache:Slowakisch
Veröffentlicht: Bratislava Veda 1992
Ausgabe:1. vyd.
Schlagworte:
Tags: Tag hinzufügen
Keine Tags, Fügen Sie das erste Tag hinzu!

MARC

LEADER 00000nam a2200000 4500
001 c001259
005 20221128072649.8
020 |a 80-224-0078-5 
041 0 |a slo 
044 |a SK 
245 1 0 |a Dejiny Slovenska 3  |b Od roku 1848 do konca 19. storočia  |c Hl. zost. Milan Podrimavský 
250 |a 1. vyd. 
264 1 |a Bratislava  |b Veda  |c 1992 
300 |a 829 s. 
610 2 0 |a Slovensko 
610 2 0 |a história 
610 2 0 |a 1849-1899 
610 2 0 |a revolúcia buržoázna 
610 2 0 |a vývoj hospodársky 
610 2 0 |a hnutie národnooslobodzovacie 
610 2 0 |a kultúra 
610 2 0 |a dejiny hospodárske 
610 2 0 |a obyvateľstvo 
610 2 0 |a politika 
610 2 0 |a školstvo 
610 2 0 |a veda 
700 1 |a Podrimavský, Milan